000
00204 a2200085 4500
020
_a
9788180566486
100
_a
SUTTON TINA , YES
245
_a
The Complete Color Harmony
260
_b
BJAIN PUBLISHERS PVT. LTD
999
_c
13265
_d
13265